US Presidential Elections - Statistics

General Stats
  • This quiz has been taken 16 times
    14 since last reset
  • The average score is 51 of 69
Answer Stats
Question Answer % Correct
1788 Election George Washington
100%
1792 Election George Washington
93%
1804 Election Thomas Jefferson
93%
2008 Election Barack Obama
86%
2012 Election Barack Obama
86%
1996 Election Bill Clinton
86%
2016 Election Donald Trump
86%
2024 Election Donald Trump
86%
2004 Election George W. Bush
86%
1808 Election James Madison
86%
2020 Election Joe Biden
86%
1872 Election Ulysses S. Grant
86%
1860 Election Abraham Lincoln
79%
1864 Election Abraham Lincoln
79%
1865 (Non-Election) Andrew Johnson
79%
1992 Election Bill Clinton
79%
1952 Election Dwight D. Eisenhower
79%
1956 Election Dwight D. Eisenhower
79%
1932 Election Franklin D. Roosevelt
79%
1936 Election Franklin D. Roosevelt
79%
1940 Election Franklin D. Roosevelt
79%
1944 Election Franklin D. Roosevelt
79%
1988 Election George H.W Bush
79%
2000 Election George W. Bush
79%
1976 Election Jimmy Carter
79%
1796 Election John Adams
79%
1960 Election John F. Kennedy
79%
1963 (Non-Election) Lyndon B. Johnson
79%
1964 Election Lyndon B. Johnson
79%
1836 Election Martin Van Buren
79%
1972 Election Richard Nixon
79%
1980 Election Ronald Reagan
79%
1984 Election Ronald Reagan
79%
1876 Election Rutherford B. Hayes
79%
1908 Election William Howard Taft
79%
1912 Election Woodrow Wilson
79%
1916 Election Woodrow Wilson
79%
1923 (Non-Election) Calvin Coolidge
71%
1881 (Non-Election) Chester A. Arthur
71%
1974 (Non-Election) Gerald Ford
71%
1884 Election Grover Cleveland
71%
1892 Election Grover Cleveland
71%
1945 (Non-Election) Harry Truman
71%
1948 Election Harry Truman
71%
1928 Election Herbert Hoover
71%
1880 Election James A. Garfield
71%
1812 Election James Madison
71%
1816 Election James Monroe
71%
1968 Election Richard Nixon
71%
2028 Election TBD
71%
1800 Election Thomas Jefferson
71%
1868 Election Ulysses S. Grant
71%
1920 Election Warren G. Harding
71%
1840 Election William Henry Harrison
71%
1896 Election William Mckinley
71%
1828 Election Andrew Jackson
64%
1832 Election Andrew Jackson
64%
1888 Election Benjamin Harrison
64%
1924 Election Calvin Coolidge
64%
1856 Election James Buchanan
64%
1845 Election James K. Polk
64%
1841 (Non-Election) John Tyler
64%
1850 (Non Election) Millard Fillmore
64%
1904 Election Theodore Roosevelt
64%
1849 Election Zachary Taylor
64%
1820 Election James Monroe
57%
1824 Election John Quincy Adams
57%
1852 Election Franklin Pierce
43%
1900 Election Theodore Roosevelt
14%
No matching quizzes found
Score Distribution
Percent of People with Each Score
Percentile by Number Answered
Your Score History
You have not taken this quiz since the last reset